[Event "XXI C.to Italiano UISP A"]
[Site "Palermo ITA"]
[Date "2000.12.??"]
[Round "4"]
[White "Lucaroni, Massimiliano"]
[Black "Campanile, Antonio"]
[Result "1-0"]
[WhiteElo "2288"]
[BlackElo "2154"]
[PlyCount "47"]
[EventDate "2000.12.06"]

1.e4 d5 2.exd5 Qxd5 3.Nc3 Qd6 4.g3 Nf6 5.Bg2 Bg4 6.Nge2 Nc6 7.h3 Bh5 8.d4 
a6 9.Bf4 Qd7 10.d5 Na7 11.g4 Bg6 12.Qd2 Nb5 13.O-O-O h6 14.Rhe1 Bh7 15.g5 
hxg5 16.Bxg5 Nd6 17.Nd4 O-O-O 18.b4 Kb8 19.b5 Bg6 20.Na4 Nde4 21.Qa5 Nxf2 
22.Nc5 Qd6 23.Nc6+ Ka8 24.Nxa6 1-0

[Event "XXI C.to Italiano UISP A"]
[Site "Palermo ITA"]
[Date "2000.12.??"]
[Round "4"]
[White "Luciani, Valerio"]
[Black "Bottini, Paolo"]
[Result "1-0"]
[WhiteElo "2131"]
[BlackElo "1911"]
[PlyCount "49"]
[EventDate "2000.12.06"]

1.d4 d5 2.c4 e6 3.Nf3 Nf6 4.g3 Be7 5.Bg2 O-O 6.O-O b6 7.cxd5 Nxd5 8.e4 Nf6
9.Nc3 Bb7 10.Ne5 Na6 11.a3 c6 12.b4 c5 13.dxc5 bxc5 14.b5 Nc7 15.Be3 a6 
16.a4 axb5 17.Qxd8 Rfxd8 18.axb5 Nfe8 19.Nc4 Rd3 20.Rxa8 Bxa8 21.Rc1 Nf6 
22.Bf1 Rd8 23.f3 Nd7 24.Rb1 Rb8 25.Bf4 1-0

[Event "XXI C.to Italiano UISP A"]
[Site "Palermo ITA"]
[Date "2000.12.??"]
[Round "4"]
[White "Mazzilli, Piero"]
[Black "Ristic, Nenad"]
[Result "0-1"]
[WhiteElo "2192"]
[BlackElo "2429"]
[PlyCount "60"]
[EventDate "2000.12.06"]

1.e4 c5 2.c3 Nf6 3.e5 Nd5 4.d4 cxd4 5.cxd4 e6 6.Nc3 Nxc3 7.bxc3 Qc7 8.Bd2 
d6 9.Nf3 Nd7 10.exd6 Bxd6 11.Bd3 b6 12.O-O Bb7 13.Re1 O-O 14.Qc2 h6 15.Qc1
Rfe8 16.c4 Nf8 17.Qd1 Red8 18.Bc3 Rac8 19.Rc1 Bf4 20.Rc2 Bc6 21.Rce2 Bd5 
22.cxd5 Qxc3 23.Rc2 Qa5 24.dxe6 Nxe6 25.Bc4 Nxd4 26.Nxd4 Rxd4 27.Qb1 Rcd8 
28.Rce2 Rf8 29.Re8 Rxc4 30.Qd3 Rc3 0-1

[Event "XXI C.to Italiano UISP A"]
[Site "Palermo ITA"]
[Date "2000.12.??"]
[Round "4"]
[White "Salami, Marco"]
[Black "Sarno, Spartaco"]
[Result "0-1"]
[WhiteElo "2207"]
[BlackElo "2398"]
[PlyCount "66"]
[EventDate "2000.12.06"]

1.Nf3 Nf6 2.g3 g6 3.Bg2 Bg7 4.d3 d5 5.O-O O-O 6.Nbd2 c5 7.e4 Nc6 8.Re1 h6 
9.Qe2 Be6 10.c3 dxe4 11.dxe4 Qd7 12.Nc4 Rfd8 13.Nce5 Nxe5 14.Nxe5 Qc7 15.
Bf4 g5 16.Nxf7 gxf4 17.Nxd8 Rxd8 18.Rad1 Rf8 19.Bf3 Qe5 20.Qd2 Nh7 21.Bg2 
h5 22.gxf4 Rxf4 23.Qd8+ Kf7 24.Rd3 Ng5 25.Rde3 h4 26.h3 Rf6 27.R1e2 Bc4 
28.f4 Qxf4 29.e5 Bxe2 30.Rxe2 Rf5 31.Bd5+ Kg6 32.Bg2 Qc1+ 33.Kh2 Bxe5+ 0-1

[Event "XXI C.to Italiano UISP A"]
[Site "Palermo ITA"]
[Date "2000.12.??"]
[Round "4"]
[White "Sedina, Elena"]
[Black "Ottavi, Marco"]
[Result "1-0"]
[WhiteElo "2405"]
[BlackElo "2050"]
[PlyCount "49"]
[EventDate "2000.12.06"]

1.e4 e6 2.d4 d5 3.e5 c5 4.c3 Nc6 5.Nf3 Qb6 6.a3 Bd7 7.b4 cxd4 8.cxd4 Rc8 
9.Be3 Nh6 10.Bd3 Nf5 11.O-O Be7 12.Ra2 O-O 13.g4 Nxe3 14.fxe3 f6 15.exf6 
Bxf6 16.g5 Be7 17.Raf2 a6 18.Nc3 Bd6 19.Na4 Qc7 20.Qb1 g6 21.Bxg6 hxg6 22.
Qxg6+ Kh8 23.Qh6+ Kg8 24.g6 Be8 25.g7 1-0

[Event "XXI C.to Italiano UISP A"]
[Site "Palermo ITA"]
[Date "2000.12.??"]
[Round "4"]
[White "Valguarnera, Girolamo"]
[Black "Livecchi, Dario"]
[Result "1-0"]
[WhiteElo "2133"]
[BlackElo "2200"]
[PlyCount "49"]
[EventDate "2000.12.06"]

1.e4 e5 2.Nf3 Nc6 3.Bb5 a6 4.Ba4 Nf6 5.d3 b5 6.Bb3 Be7 7.O-O O-O 8.h3 d6 
9.c3 Na5 10.Bc2 c5 11.d4 Qc7 12.d5 Bd7 13.Nh2 g6 14.f4 exf4 15.Bxf4 Nh5 
16.Bh6 Nc4 17.b3 Ne5 18.Qe1 Ng7 19.Qe3 f5 20.Nd2 fxe4 21.g4 Nf3+ 22.Nhxf3 
exf3 23.Qxe7 Rf7 24.Qh4 Re8 25.Rxf3 1-0

[Event "XXI C.to Italiano UISP A"]
[Site "Palermo ITA"]
[Date "2000.12.??"]
[Round "4"]
[White "Vezzosi, Paolo"]
[Black "Terreni, Fabio"]
[Result "1-0"]
[WhiteElo "2412"]
[BlackElo "1903"]
[PlyCount "93"]
[EventDate "2000.12.06"]

1.d4 Nf6 2.c4 g6 3.Nc3 d5 4.Bg5 Ne4 5.Bh4 Nxc3 6.bxc3 Bg7 7.e3 dxc4 8.Bxc4
O-O 9.Ne2 Bf6 10.Bxf6 exf6 11.h4 Kg7 12.h5 g5 13.h6+ Kh8 14.Ng3 Nc6 15.Qf3
Qe7 16.Bd3 g4 17.Qf4 Qd6 18.Qe4 f5 19.Nxf5 Bxf5 20.Qxf5 Qg6 21.Rb1 Rab8 
22.g3 Qxf5 23.Bxf5 Rg8 24.Rh4 Ne7 25.Bxg4 Rg6 26.Kd2 Ra6 27.Rb2 Ng8 28.Bf3
Nxh6 29.e4 Kg7 30.g4 f6 31.Be2 Rb6 32.Rxb6 axb6 33.f4 Nf7 34.e5 fxe5 35.
dxe5 Ra8 36.Bc4 Ra4 37.Bxf7 Kxf7 38.Rxh7+ Ke6 39.Ke3 Rc4 40.g5 Rxc3+ 41.
Kd4 Rc1 42.Rh6+ Kf7 43.f5 c5+ 44.Kd3 Rf1 45.g6+ Kg7 46.Rh7+ Kg8 47.f6 1-0

[Event "XXI C.to Italiano UISP A"]
[Site "Palermo ITA"]
[Date "2000.12.??"]
[Round "5"]
[White "Campanile, Antonio"]
[Black "Valguarnera, Girolamo"]
[Result "1-0"]
[WhiteElo "2154"]
[BlackElo "2133"]
[PlyCount "49"]
[EventDate "2000.12.06"]

1.c4 e5 2.Nc3 Bc5 3.Nf3 Nc6 4.d3 Nf6 5.g3 d6 6.Bg2 O-O 7.O-O h6 8.Na4 Bb6 
9.e4 Bd7 10.h3 Qc8 11.Kh2 Bd4 12.Nxd4 exd4 13.b3 Rb8 14.Nb2 b5 15.f4 bxc4 
16.Nxc4 Rb5 17.g4 Qd8 18.Kg3 Nh7 19.Bb2 h5 20.Qf3 Ne7 21.Bxd4 f5 22.gxf5 
Bxf5 23.Qxh5 d5 24.Rad1 c6 25.Qe2 1-0

[Event "XXI C.to Italiano UISP A"]
[Site "Palermo ITA"]
[Date "2000.12.??"]
[Round "5"]
[White "Farina, Saverio"]
[Black "Bellipanni, Piero"]
[Result "0-1"]
[WhiteElo "2163"]
[BlackElo "2166"]
[PlyCount "78"]
[EventDate "2000.12.06"]

1.c4 f5 2.d4 c5 3.e3 Nf6 4.Nc3 e6 5.Nf3 Be7 6.Bd3 O-O 7.a3 b6 8.Qc2 Qe8 9.
Ne2 Bb7 10.d5 exd5 11.Bxf5 dxc4 12.Qxc4+ d5 13.Qc2 Nbd7 14.Nf4 Ne4 15.Be6+
Kh8 16.Bxd5 Bxd5 17.Nxd5 Bd6 18.b3 Qe6 19.Nc3 Nxc3 20.Bb2 Ne4 21.h4 Rad8 
22.O-O-O Qf5 23.h5 h6 24.Nh4 Qe6 25.Ng6+ Kg8 26.Nxf8 Rxf8 27.f3 Ng3 28.
Rhe1 Be5 29.e4 Nxh5 30.Bxe5 Nxe5 31.Rd2 b5 32.Red1 c4 33.Rd6 Qe7 34.bxc4 
bxc4 35.Ra6 Nf4 36.Kb1 Qb7+ 37.Qb2 Qxa6 38.Qxe5 Nd3 39.Rd2 Nxe5 0-1

[Event "XXI C.to Italiano UISP A"]
[Site "Palermo ITA"]
[Date "2000.12.??"]
[Round "5"]
[White "Ferro, Mario"]
[Black "Salami, Marco"]
[Result "1/2-1/2"]
[WhiteElo "2205"]
[BlackElo "2207"]
[PlyCount "133"]
[EventDate "2000.12.06"]

1.Nf3 f5 2.g3 Nf6 3.Bg2 g6 4.O-O Bg7 5.c4 d6 6.d4 c6 7.Nc3 O-O 8.d5 e5 9.
b3 e4 10.Nd4 Ng4 11.Bb2 Qe7 12.h3 Ne5 13.Qd2 c5 14.Nc2 Na6 15.f3 exf3 16.
exf3 g5 17.f4 gxf4 18.gxf4 Ng6 19.Rae1 Qh4 20.Qf2 Qxf2+ 21.Rxf2 Bd7 22.Kh2
Nc7 23.b4 b6 24.Bf1 Bh6 25.Bc1 Rfe8 26.Be2 Re7 27.Rg1 Bg7 28.Bb2 cxb4 29.
Nxb4 Bd4 30.Rfg2 Bxg1+ 31.Rxg1 Kf8 32.Kg3 Re3+ 33.Bf3 Nh4 34.Kxh4 Rxf3 35.
Ne2 Ne8 36.Nc2 Rc8 37.Ncd4 Re3 38.Rc1 Re4 39.Kg5 Kf7 40.Kh6 Re3 41.h4 Rh3 
42.Ne6 Rxh4+ 43.Kg5 Rg4+ 44.Kxf5 Rg2 45.Rh1 Bxe6+ 46.dxe6+ Kg8 47.Rg1 Rxg1
48.Nxg1 Rc5+ 49.Ke4 Rxc4+ 50.Bd4 Ra4 51.Nf3 Kf8 52.f5 Ke7 53.Ng5 Nf6+ 54.
Kd3 h6 55.Nf7 Ra3+ 56.Kc4 d5+ 57.Kb5 Rxa2 58.Nh8 Ng4 59.Kc6 Re2 60.Ng6+ 
Ke8 61.Kxd5 Rd2 62.Ke4 h5 63.Bc3 Re2+ 64.Kd5 Rf2 65.Ke4 Re2+ 66.Kd5 Rf2 
67.Ke4 1/2-1/2

[Event "XXI C.to Italiano UISP A"]
[Site "Palermo ITA"]
[Date "2000.12.??"]
[Round "5"]
[White "Ganci, Davide"]
[Black "Galioto, Natale"]
[Result "0-1"]
[WhiteElo "1558"]
[BlackElo "2108"]
[PlyCount "68"]
[EventDate "2000.12.06"]

1.c4 Nf6 2.Nc3 g6 3.e4 d6 4.d4 Bg7 5.f3 Nbd7 6.Be3 c6 7.Qd2 a6 8.a4 b6 9.
Bd3 e5 10.d5 cxd5 11.cxd5 Ng8 12.Nge2 Ne7 13.Bh6 O-O 14.g4 Nc5 15.Bc2 f5 
16.gxf5 gxf5 17.Rg1 Ng6 18.Ng3 fxe4 19.fxe4 Qh4 20.Bxg7 Kxg7 21.O-O-O b5 
22.Kb1 Kh8 23.axb5 axb5 24.Nxb5 Bd7 25.Nxd6 Ra6 26.Nc4 Rfa8 27.Na3 Ba4 28.
Rc1 Nf4 29.Qc3 Bxc2+ 30.Rxc2 Nfd3 31.Nf5 Qxe4 32.Ne7 Nxb2 33.Qxc5 Rxa3 34.
Qc8+ Rxc8 0-1

[Event "XXI C.to Italiano UISP A"]
[Site "Palermo ITA"]
[Date "2000.12.??"]
[Round "5"]
[White "Lazic, Miroljub"]
[Black "Vezzosi, Paolo"]
[Result "1/2-1/2"]
[WhiteElo "2488"]
[BlackElo "2412"]
[PlyCount "86"]
[EventDate "2000.12.06"]

1.Nf3 d6 2.d4 Bg4 3.e4 Nf6 4.h3 Bh5 5.Bd3 e6 6.Qe2 Be7 7.Nbd2 d5 8.c3 dxe4
9.Nxe4 Nbd7 10.Nxf6+ Nxf6 11.Bf4 c6 12.g4 Bg6 13.Bxg6 hxg6 14.Ne5 Qd5 15.
f3 g5 16.Bg3 Nd7 17.c4 Qa5+ 18.Kf1 Nxe5 19.Bxe5 Bf6 20.Bxf6 gxf6 21.Kg2 
O-O-O 22.Rhd1 Qc7 23.d5 exd5 24.cxd5 Rxd5 25.Rxd5 cxd5 26.Qd2 Qd6 27.Rd1 
Rd8 28.Qa5 Kb8 29.Rd4 Rd7 30.Qd2 Qe5 31.f4 Qe7 32.Kf3 Qc5 33.b4 Qb6 34.a4 
a5 35.bxa5 Qb1 36.Qd1 Qa2 37.Qd2 Qb1 38.Qd1 Qe4+ 39.Kf2 Qe6 40.Qd2 Qd6 41.
Kf3 Qa3+ 42.Kg2 Qc5 43.Kf3 Qa3+ 1/2-1/2

[Event "XXI C.to Italiano UISP A"]
[Site "Palermo ITA"]
[Date "2000.12.??"]
[Round "5"]
[White "Livecchi, Dario"]
[Black "Gardon, Ermanno"]
[Result "1-0"]
[WhiteElo "2200"]
[BlackElo "2101"]
[PlyCount "57"]
[EventDate "2000.12.06"]

1.d4 Nf6 2.c4 c5 3.d5 b5 4.cxb5 g6 5.Nc3 a6 6.b6 d6 7.a4 a5 8.e4 Bg7 9.
Bb5+ Nfd7 10.Nge2 O-O 11.O-O Nxb6 12.f4 Ba6 13.Ra3 Bxb5 14.Nxb5 Na6 15.Rh3
Nc7 16.Nec3 f5 17.exf5 Nxb5 18.fxg6 Nxc3 19.Qh5 Ne2+ 20.Qxe2 Rf6 21.f5 
hxg6 22.Bg5 Rf7 23.Qe6 Bd4+ 24.Kh1 Qd7 25.Qxg6+ Rg7 26.Qh5 Bf6 27.Bh6 Rh7 
28.Qg6+ Kh8 29.Bg7+ 1-0

[Event "XXI C.to Italiano UISP A"]
[Site "Palermo ITA"]
[Date "2000.12.??"]
[Round "5"]
[White "Lucaroni, Massimiliano"]
[Black "Efimov, Igor"]
[Result "0-1"]
[WhiteElo "2288"]
[BlackElo "2520"]
[PlyCount "36"]
[EventDate "2000.12.06"]

1.e4 c5 2.Nc3 a6 3.Nf3 e6 4.d4 cxd4 5.Nxd4 b5 6.Bd3 Qb6 7.Nb3 Qc7 8.Be3 
Bb7 9.f4 Nf6 10.Qf3 d5 11.exd5 Nbd7 12.O-O-O b4 13.Ne4 Bxd5 14.Bd4 Be7 15.
g4 Rc8 16.Rd2 e5 17.fxe5 Nxe4 18.Bxe4 Bg5 0-1

[Event "XXI C.to Italiano UISP A"]
[Site "Palermo ITA"]
[Date "2000.12.??"]
[Round "5"]
[White "Pompa, Alessandro"]
[Black "Galioto, Giovanni"]
[Result "1-0"]
[WhiteElo "2094"]
[BlackElo "2159"]
[PlyCount "93"]
[EventDate "2000.12.06"]

1.d4 Nf6 2.c4 c5 3.Nf3 cxd4 4.Nxd4 Nc6 5.Nc3 g6 6.g3 Bg7 7.Bg2 O-O 8.O-O 
a6 9.e4 Qc7 10.Be3 Nxd4 11.Bxd4 e5 12.Be3 Qxc4 13.Rc1 Qb4 14.Nd5 Nxd5 15.
Bc5 Qxb2 16.Rc2 Nc3 17.Qd2 Qb5 18.Bxf8 Ne2+ 19.Qxe2 Qxe2 20.Rxe2 Bxf8 21.
Rc1 b6 22.Bh3 Bc5 23.Rd2 d6 24.Bxc8 Rxc8 25.Kf1 Kf8 26.Rxd6 Rb8 27.Rd7 Ke8
28.Ra7 a5 29.Ke2 Rd8 30.f3 Rd4 31.Rd1 Ra4 32.Rdd7 Rxa2+ 33.Kd3 Ra3+ 34.Kc4
Rxf3 35.Rdb7 Kf8 36.Kd5 Bd4 37.g4 h5 38.g5 Bc5 39.Kxe5 Kg7 40.Kd5 Rd3+ 41.
Kc6 Rf3 42.e5 Rf4 43.e6 a4 44.Rxf7+ Rxf7 45.Rxf7+ Kg8 46.Ra7 a3 47.Kd7 1-0

[Event "XXI C.to Italiano UISP A"]
[Site "Palermo ITA"]
[Date "2000.12.??"]
[Round "5"]
[White "Ristic, Nenad"]
[Black "Piscopo, Pierluigi"]
[Result "1/2-1/2"]
[WhiteElo "2429"]
[BlackElo "2134"]
[PlyCount "114"]
[EventDate "2000.12.06"]

1.e4 c5 2.Nf3 Nc6 3.c3 d5 4.exd5 Qxd5 5.d4 cxd4 6.cxd4 e5 7.Nc3 Bb4 8.Qd2 
Bxc3 9.bxc3 exd4 10.cxd4 Nge7 11.Be2 O-O 12.O-O Rd8 13.Rd1 b6 14.Bb2 Bb7 
15.Rac1 Na5 16.Ba3 Nf5 17.Bb4 Rac8 18.Bxa5 bxa5 19.Rc5 Rxc5 20.dxc5 Qxd2 
21.Rxd2 Rxd2 22.Nxd2 Nd4 23.Bc4 Kf8 24.Nb3 Nxb3 25.Bxb3 Ke7 26.f3 f6 27.
Kf2 Bc6 28.Ke3 Kd8 29.Kd4 Kc7 30.a3 h6 31.Bc2 Be8 32.h4 Bc6 33.Be4 Be8 34.
f4 Kd7 35.g4 Kc7 36.g5 Ba4 37.Bd3 Bc6 38.Bg6 Ba4 39.Kc4 Bc6 40.Bf7 Ba4 41.
Bd5 Be8 42.Be4 Ba4 43.Kd4 Kd7 44.Bd5 Kc7 45.Ke4 Bc2+ 46.Kf3 Bd1+ 47.Kg3 
Be2 48.Bf3 Bd3 49.Kg4 Bg6 50.Bd5 Kd8 51.Kf3 Kc7 52.Ke3 Be8 53.gxh6 gxh6 
54.Kd4 Ba4 55.Bf3 Be8 56.Bh1 Ba4 57.Bd5 Be8 1/2-1/2

[Event "XXI C.to Italiano UISP A"]
[Site "Palermo ITA"]
[Date "2000.12.??"]
[Round "5"]
[White "Sarno, Spartaco"]
[Black "Chilingirova, Pavlina"]
[Result "1-0"]
[WhiteElo "2398"]
[BlackElo "2269"]
[PlyCount "67"]
[EventDate "2000.12.06"]

1.c4 c5 2.Nc3 b6 3.Nf3 Bb7 4.g3 g6 5.Bg2 Bg7 6.O-O Nc6 7.e3 Qc8 8.d4 cxd4 
9.exd4 Nf6 10.Re1 O-O 11.b3 Re8 12.Ba3 Qd8 13.d5 Na5 14.Qd2 Rc8 15.Re2 
Nxd5 16.Nxd5 Bxd5 17.Rae1 Be6 18.Nd4 Qc7 19.f4 Nb7 20.f5 gxf5 21.Bb2 Nd6 
22.Qg5 f6 23.Qh4 Qc5 24.Kh1 Ne4 25.g4 Ng5 26.gxf5 Bf7 27.Qg3 Bh5 28.Bd5+ 
Kh8 29.Rg2 e6 30.fxe6 dxe6 31.Nxe6 Nxe6 32.Rxe6 Bg6 33.Rxf6 Re3 34.Rxg6 
1-0

[Event "XXI C.to Italiano UISP A"]
[Site "Palermo ITA"]
[Date "2000.12.??"]
[Round "5"]
[White "Scacco, Mauro"]
[Black "Mazzilli, Piero"]
[Result "1/2-1/2"]
[WhiteElo "2043"]
[BlackElo "2192"]
[PlyCount "83"]
[EventDate "2000.12.06"]

1.e4 c5 2.Nf3 d6 3.Bb5+ Bd7 4.Bxd7+ Qxd7 5.O-O Nc6 6.c3 Nf6 7.Qe2 e6 8.Na3
Be7 9.Nc2 O-O 10.d4 cxd4 11.Ncxd4 d5 12.exd5 Nxd4 13.Nxd4 Qxd5 14.Rd1 Rfd8
15.Be3 Qe4 16.Qf3 Qxf3 17.Nxf3 Nd5 18.Bd4 f6 19.Kf1 e5 20.Be3 Nxe3+ 21.
fxe3 Kf7 22.Ke2 Ke6 23.e4 g6 24.g4 Rxd1 25.Rxd1 Rd8 26.Rxd8 Bxd8 27.Kd3 f5
28.gxf5+ gxf5 29.h3 h6 30.c4 Bf6 31.c5 a5 32.Nd2 Be7 33.exf5+ Kxf5 34.Ne4 
Kf4 35.b3 Bh4 36.a3 Be1 37.Nd6 Kf3 38.Ne4 h5 39.Nd6 h4 40.Ne4 Kf4 41.Nd6 
Kf3 42.Ne4 1/2-1/2

[Event "XXI C.to Italiano UISP A"]
[Site "Palermo ITA"]
[Date "2000.12.??"]
[Round "5"]
[White "Tirrito, Luca"]
[Black "Bottini, Paolo"]
[Result "0-1"]
[WhiteElo "1699"]
[BlackElo "1911"]
[PlyCount "72"]
[EventDate "2000.12.06"]

1.e4 c5 2.c4 Nc6 3.d3 g6 4.Be3 d6 5.Nc3 Bg7 6.Be2 e6 7.Qd2 Nd4 8.Bd1 h6 9.
a4 Nf6 10.a5 Rb8 11.Bxd4 cxd4 12.Nb5 O-O 13.Nf3 d5 14.e5 Nd7 15.Qf4 dxc4 
16.dxc4 a6 17.Nbxd4 Qc7 18.O-O Nxe5 19.Qc1 Qxc4 20.Qf4 Nxf3+ 21.Bxf3 e5 
22.Qg3 Qxd4 23.Rfd1 Qb4 24.Bd5 Bf5 25.h4 h5 26.Qg5 b5 27.Bf3 Bg4 28.Bxg4 
hxg4 29.g3 Qxb2 30.h5 gxh5 31.Qxh5 Qe2 32.Qg5 b4 33.Re1 Qc4 34.Rxe5 f6 35.
Rc5 fxg5 36.Rxc4 Bxa1 0-1

[Event "XXI C.to Italiano UISP A"]
[Site "Palermo ITA"]
[Date "2000.12.??"]
[Round "5"]
[White "Tomescu, Vlad"]
[Black "Aleksic, Nenad"]
[Result "1/2-1/2"]
[WhiteElo "2432"]
[BlackElo "2407"]
[PlyCount "49"]
[EventDate "2000.12.06"]

1.e4 c5 2.Nf3 d6 3.d4 cxd4 4.Nxd4 Nf6 5.Nc3 a6 6.Bc4 e6 7.Bb3 Nbd7 8.f4 
Nc5 9.f5 Be7 10.Qf3 O-O 11.Be3 e5 12.Nde2 Nxb3 13.axb3 b5 14.O-O Bb7 15.
Rad1 Rc8 16.Rd2 Re8 17.Ng3 h6 18.h3 Qc7 19.Rff2 b4 20.Nd5 Bxd5 21.exd5 e4 
22.Qd1 Qb7 23.Rfe2 Bd8 24.Kh2 Bb6 25.Bxb6 1/2-1/2

[Event "XXI C.to Italiano UISP A"]
[Site "Palermo ITA"]
[Date "2000.12.??"]
[Round "6"]
[White "Aleksic, Nenad"]
[Black "Campanile, Antonio"]
[Result "1/2-1/2"]
[WhiteElo "2407"]
[BlackElo "2154"]
[PlyCount "69"]
[EventDate "2000.12.06"]

1.e4 d5 2.exd5 Qxd5 3.Nc3 Qd6 4.d4 Nf6 5.Nf3 a6 6.Be3 Nc6 7.Qd2 Bf5 8.Bd3 
Bxd3 9.Qxd3 e6 10.O-O-O Be7 11.Kb1 h6 12.g3 Nb4 13.Qe2 b5 14.Bf4 Qb6 15.
Be5 O-O 16.g4 Nfd5 17.Nxd5 Nxd5 18.h4 b4 19.Ka1 f6 20.Bg3 a5 21.Rhe1 Ra6 
22.g5 a4 23.gxh6 b3 24.hxg7 Rb8 25.Ng5 fxg5 26.Qh5 Nf6 27.Qh8+ Kf7 28.Bxc7
Qxc7 29.hxg5 Ng8 30.Qh5+ Kxg7 31.Rh1 bxc2 32.Qh7+ Kf8 33.Rc1 Bd6 34.g6 
Rab6 35.Rxc2 1/2-1/2

[Event "XXI C.to Italiano UISP A"]
[Site "Palermo ITA"]
[Date "2000.12.??"]
[Round "6"]
[White "Bellipanni, Piero"]
[Black "Adinolfi, Vincenzo"]
[Result "1/2-1/2"]
[WhiteElo "2166"]
[BlackElo "2132"]
[PlyCount "84"]
[EventDate "2000.12.06"]

1.d4 b6 2.c4 Bb7 3.Nc3 g6 4.e4 Bg7 5.Nf3 e6 6.Bg5 Ne7 7.Qd2 h6 8.Be3 d6 9.
Bd3 Nd7 10.O-O g5 11.b4 Ng6 12.Rac1 O-O 13.d5 a5 14.a3 Qe7 15.Nd4 Nde5 16.
Be2 axb4 17.axb4 Kh7 18.Rfd1 Rg8 19.f3 Bf6 20.Bf1 Nf4 21.Kh1 Neg6 22.g3 
Nh5 23.Bh3 Ng7 24.f4 gxf4 25.gxf4 e5 26.fxe5 Bxe5 27.Bf5 Bxd4 28.Bxg6+ 
fxg6 29.Bxd4 Rgf8 30.Rf1 Rxf1+ 31.Rxf1 Rf8 32.Rxf8 Qxf8 33.Kg2 Ba6 34.b5 
Bc8 35.Qf2 Qe7 36.Qf6 Qd7 37.Qxg7+ Qxg7 38.Bxg7 Kxg7 39.Kf3 Bh3 40.Ke3 Bf1
41.Kd4 Kf6 42.Na2 Ke7 1/2-1/2

[Event "XXI C.to Italiano UISP A"]
[Site "Palermo ITA"]
[Date "2000.12.??"]
[Round "6"]
[White "Bottini, Paolo"]
[Black "Pompa, Alessandro"]
[Result "1/2-1/2"]
[WhiteElo "1911"]
[BlackElo "2094"]
[PlyCount "37"]
[EventDate "2000.12.06"]

1.e4 c6 2.d4 d5 3.Nc3 dxe4 4.Nxe4 Nd7 5.Nf3 Ngf6 6.Nxf6+ Nxf6 7.h3 g6 8.
Bd3 Bg7 9.O-O O-O 10.c3 Qc7 11.Re1 Nd5 12.Ne5 c5 13.Nf3 cxd4 14.Nxd4 Nxc3 
15.bxc3 Qxc3 16.Be3 Bxd4 17.Rc1 Qb2 18.Rb1 Qc3 19.Rc1 1/2-1/2

[Event "XXI C.to Italiano UISP A"]
[Site "Palermo ITA"]
[Date "2000.12.??"]
[Round "6"]
[White "Chilingirova, Pavlina"]
[Black "Scacco, Mauro"]
[Result "1-0"]
[WhiteElo "2269"]
[BlackElo "2043"]
[PlyCount "78"]
[EventDate "2000.12.06"]

1.c4 Nf6 2.Nc3 d6 3.d4 e5 4.dxe5 dxe5 5.Qxd8+ Kxd8 6.Nf3 Nbd7 7.Ng5 Ke8 8.
Nb5 Bd6 9.Nxd6+ cxd6 10.b3 Nc5 11.Bb2 h6 12.Nf3 Ke7 13.Nd2 Bf5 14.g3 a5 
15.Bg2 a4 16.b4 a3 17.Bxe5 dxe5 18.bxc5 Rac8 19.Bxb7 Rxc5 20.e4 Rb8 21.Bd5
Nxd5 22.cxd5 Bh3 23.Ke2 Rb2 24.Rhb1 Rcc2 25.Rxb2 Rxb2 26.Kd3 f5 27.f3 
fxe4+ 28.fxe4 Bc8 29.Rc1 Ba6+ 30.Ke3 Rxa2 31.Rc7+ Kd8 32.Ra7 Bb5 33.Ra5 
Bd7 34.Nc4 Rxh2 35.Rxa3 Rh5 36.Ra8+ Kc7 37.Ra7+ Kd8 38.Nb6 Bb5 39.d6 Bc6 
1-0

[Event "XXI C.to Italiano UISP A"]
[Site "Palermo ITA"]
[Date "2000.12.??"]
[Round "6"]
[White "Efimov, Igor"]
[Black "Lazic, Miroljub"]
[Result "0-1"]
[WhiteElo "2520"]
[BlackElo "2488"]
[PlyCount "86"]
[EventDate "2000.12.06"]

1.d4 d6 2.e4 Nf6 3.f3 c5 4.d5 g6 5.c4 Bg7 6.Nc3 O-O 7.Nge2 e6 8.Ng3 exd5 
9.cxd5 a6 10.a4 h5 11.Bg5 Nbd7 12.Qd2 Re8 13.Be2 Qe7 14.O-O Qf8 15.f4 Nh7 
16.Bh4 Bd4+ 17.Kh1 Qh6 18.Rad1 Ndf6 19.Bf3 Ng4 20.Rde1 Bd7 21.Bd1 b5 22.b3
Qg7 23.e5 dxe5 24.f5 Qh6 25.Qxh6 Nxh6 26.Nce4 Bxf5 27.Nd6 Bd3 28.Rf3 c4 
29.axb5 axb5 30.bxc4 Bxc4 31.Nxe8 Rxe8 32.d6 g5 33.Nxh5 gxh4 34.Bc2 Rd8 
35.d7 f5 36.Ra3 b4 37.Ra4 Rxd7 38.Rxb4 Bd5 39.Rf1 h3 40.Rf3 hxg2+ 41.Kxg2 
Rb7 42.Bb3 Rxb4 43.Bxd5+ Kf8 0-1

[Event "XXI C.to Italiano UISP A"]
[Site "Palermo ITA"]
[Date "2000.12.??"]
[Round "6"]
[White "Ferro, Mario"]
[Black "Farina, Saverio"]
[Result "1/2-1/2"]
[WhiteElo "2205"]
[BlackElo "2163"]
[PlyCount "109"]
[EventDate "2000.12.06"]

1.Nf3 d5 2.g3 c5 3.Bg2 Nc6 4.d4 Nf6 5.O-O e6 6.c3 Be7 7.Nbd2 cxd4 8.cxd4 
Qb6 9.e3 O-O 10.Qb3 Qxb3 11.Nxb3 b6 12.Bd2 Ba6 13.Rfc1 Rfc8 14.Bf1 Bxf1 
15.Kxf1 a5 16.Ne5 Nxe5 17.dxe5 Ng4 18.Bc3 Nxh2+ 19.Ke2 Ng4 20.f3 Nh6 21.
Nd4 Kf8 22.Nb5 Ng8 23.Rc2 Rc5 24.a4 Ke8 25.Kd3 Kd7 26.Rh2 h6 27.f4 Rcc8 
28.g4 Bc5 29.f5 Be7 30.Rf1 Rc4 31.Nd4 exf5 32.Rxf5 Ke8 33.b3 Rcc8 34.e6 
Bf6 35.Rxd5 fxe6 36.Rd6 Kf7 37.Rxb6 Ne7 38.e4 Ra7 39.Rf2 Rd7 40.Rb5 Kg8 
41.e5 Bh4 42.Rc2 Nc6 43.Rc5 Be7 44.Rxc6 Rxc6 45.Ke4 Rc8 46.Rc1 Bb4 47.Bb2 
Rxc1 48.Bxc1 Kf7 49.g5 h5 50.g6+ Kxg6 51.Nxe6 Kf7 52.Nd4 Rc7 53.Bg5 Be7 
54.Bd2 Bb4 55.Bg5 1/2-1/2

[Event "XXI C.to Italiano UISP A"]
[Site "Palermo ITA"]
[Date "2000.12.??"]
[Round "6"]
[White "Galioto, Giovanni"]
[Black "Tirrito, Luca"]
[Result "1-0"]
[WhiteElo "2159"]
[BlackElo "1699"]
[PlyCount "104"]
[EventDate "2000.12.06"]

1.e4 e5 2.Nf3 d6 3.Bc4 Be7 4.d4 exd4 5.Nxd4 Nf6 6.Nc3 O-O 7.O-O Nc6 8.h3 
Nxd4 9.Qxd4 Nd7 10.Nd5 Bf6 11.Qe3 Nb6 12.Nxf6+ Qxf6 13.Bd3 Be6 14.Qe2 Rfe8
15.f4 Bc4 16.g4 Qe6 17.Qf2 Bxd3 18.cxd3 f6 19.f5 Qe5 20.g5 Nd7 21.Bf4 Qe7 
22.gxf6 Nxf6 23.Kh1 Rf8 24.Rae1 Qf7 25.Rg1 Kh8 26.Rg5 Qe8 27.Reg1 Nxe4 28.
dxe4 Qxe4+ 29.Kh2 Rxf5 30.Rxf5 Qxf5 31.Qg3 Qf6 32.Rg2 Rf8 33.Bd2 Rf7 34.
Bc3 Qe7 35.Qg4 Qd7 36.Re2 Kg8 37.Qg3 c6 38.Rd2 d5 39.Bb4 h6 40.Re2 Qf5 41.
Re8+ Kh7 42.Bc3 c5 43.Re2 d4 44.Be1 c4 45.Rf2 Qd5 46.Rg2 Qe6 47.a4 b6 48.
h4 Qf5 49.Kh1 a6 50.Bf2 Qb1+ 51.Kh2 Qxb2 52.Be3 Qb1 1-0

[Event "XXI C.to Italiano UISP A"]
[Site "Palermo ITA"]
[Date "2000.12.??"]
[Round "6"]
[White "Galioto, Natale"]
[Black "Livecchi, Dario"]
[Result "1-0"]
[WhiteElo "2108"]
[BlackElo "2200"]
[PlyCount "47"]
[EventDate "2000.12.06"]

1.e4 e5 2.Nc3 Nc6 3.f4 exf4 4.Nf3 g5 5.h4 g4 6.Ng5 h6 7.Nxf7 Kxf7 8.Qxg4 
Nf6 9.Qxf4 d5 10.d4 Nxd4 11.Bd3 Ne6 12.Qf3 dxe4 13.Nxe4 Nc5 14.O-O Nxe4 
15.Bxe4 Be6 16.Be3 Bg7 17.Rad1 Qe7 18.Bd4 Rad8 19.Qh5+ Kg8 20.Bxf6 Rxd1 
21.Bxe7 Bd4+ 22.Kh2 Rxf1 23.Qe8+ Kg7 24.Qg6# 1-0

[Event "XXI C.to Italiano UISP A"]
[Site "Palermo ITA"]
[Date "2000.12.??"]
[Round "6"]
[White "Mazzilli, Piero"]
[Black "Luciani, Valerio"]
[Result "1/2-1/2"]
[WhiteElo "2192"]
[BlackElo "2131"]
[PlyCount "42"]
[EventDate "2000.12.06"]

1.e4 e6 2.Nf3 d5 3.Nc3 dxe4 4.Nxe4 Be7 5.d4 Nf6 6.Bd3 O-O 7.Qe2 Nbd7 8.Bg5
c5 9.dxc5 Nxc5 10.Nxc5 Qa5+ 11.c3 Qxc5 12.O-O Rd8 13.Ne5 h6 14.Bh4 Kf8 15.
Rad1 Bd7 16.Nxd7+ Rxd7 17.Bb5 Rxd1 18.Rxd1 g5 19.Bg3 Rd8 20.Ba4 Rxd1+ 21.
Qxd1 Ne4 1/2-1/2

[Event "XXI C.to Italiano UISP A"]
[Site "Palermo ITA"]
[Date "2000.12.??"]
[Round "6"]
[White "Ottavi, Marco"]
[Black "Insabato, Giovanbattista"]
[Result "1-0"]
[WhiteElo "2050"]
[BlackElo "1996"]
[PlyCount "127"]
[EventDate "2000.12.06"]

1.e4 c5 2.Nf3 d6 3.d4 cxd4 4.Nxd4 Nf6 5.Nc3 e6 6.Be2 Nc6 7.Be3 Be7 8.O-O 
O-O 9.Kh1 e5 10.Nxc6 bxc6 11.f4 Qa5 12.Qe1 Re8 13.Qg3 Kh8 14.Rad1 Rb8 15.
Bc1 exf4 16.Qxf4 Qe5 17.Qf2 Be6 18.Qxa7 Bg4 19.Rxf6 Bxf6 20.Bxg4 Rbd8 21.
Qf2 Qe7 22.Bf3 Be5 23.Ne2 Qf6 24.c3 c5 25.Rf1 Rf8 26.g3 Qe6 27.b3 Ra8 28.
Nf4 Qd7 29.Nd5 Qa7 30.a4 Rab8 31.Bd1 Qd7 32.Qf5 Qd8 33.b4 g6 34.Qg5 f6 35.
Qe3 cxb4 36.cxb4 Qc8 37.Bd2 f5 38.exf5 Qc4 39.Qf3 Rxf5 40.Be2 Qa2 41.Qd3 
Rxf1+ 42.Bxf1 Qxa4 43.b5 Rf8 44.Kg2 Qd1 45.Be2 Qa4 46.b6 Qc6 47.Qc4 Qb7 
48.Bf3 Rc8 49.Qb3 Rd8 50.Be3 Qf7 51.Qc2 Rf8 52.Qe2 Rc8 53.Nc7 Rxc7 54.bxc7
Qxc7 55.Bh6 Qd8 56.Bd5 Bg7 57.Bxg7+ Kxg7 58.Qb2+ Kh6 59.Qd4 Qe7 60.Qe4 Qc7
61.g4 Qc1 62.h4 Qb2+ 63.Kg3 Qc3+ 64.Qf3 1-0